Vista normal
Vista MARC
Entrada Topical Term
Número de registros utilizados en: 1
001 - CONTROL NUMBER
- control field: 37278
003 - CONTROL NUMBER IDENTIFIER
- control field: OSt
005 - DATE AND TIME OF LATEST TRANSACTION
- control field: 20210429210739.0
008 - FIXED-LENGTH DATA ELEMENTS
- fixed length control field: 210429|| aca||aabn | a|a d
040 ## - CATALOGING SOURCE
- Original cataloging agency: OSt
- Transcribing agency: OSt
150 ## - HEADING--TOPICAL TERM
- Topical term or geographic name entry element: Capitalismo
670 ## - SOURCE DATA FOUND
- Source citation: Work cat.: (OSt)7811: Holloway, John, 15520 autor, La crítica marxista del Estado capitalista : , 1980